Economics for our times

Bibliographic Details
Main Author: Smith, Augustus H
Format: Book
Published: St. Louis : McGraw Book Co , 1966
Edition:4th ed.
Subjects:

MARC

LEADER 00000cam a2200000 7i4500
001 0000002340
005 20021119.0
040 |a INS 
090 0 0 |a HB171.5.   |b S638 1966 
100 1 |a Smith, Augustus H 
245 1 0 |a Economics for our times   |c Augustus H Smith 
250 |a 4th ed. 
260 |a St. Louis :   |b McGraw Book Co ,   |c 1966 
300 |a xii, 628p. :   |b ill ;   |c 24 cm. 
500 |a Includes index 
650 0 0 |a Economics 
999 |a 0000000680   |b BOOK   |c Open Shelf   |e Default branch